[Event "NB II. Breyer csoport"]
[Site "Szekesfehervar"]
[Date "2023.12.10"]
[Round "3.4"]
[White "Csire, Bence"]
[Black "Szekely, Ferenc"]
[Result "0-1"]
[WhiteElo "2100"]
[BlackElo "2176"]
[PlyCount "86"]
[EventDate "2023.10.08"]
[EventType "team-tourn"]
[EventRounds "9"]
[EventCountry "HUN"]
[Source "chess.hu"]
[WhiteTeam "Fehervar SE"]
[BlackTeam "Barcza - BEAC I."]
[WhiteTeamCountry "HUN"]
[BlackTeamCountry "HUN"]

1. e4 e5 2. Nf3 Nc6 3. Bb5 f5 4. d3 fxe4 5. dxe4 Nf6 6. O-O Bc5 7. Bxc6 bxc6 8.
Nxe5 O-O 9. Bg5 Qe8 10. Bxf6 Rxf6 11. Nd3 Bd4 12. Nd2 Ba6 13. Nf3 Qxe4 14. Qe1
Qxe1 15. Rfxe1 Bb6 16. Nde5 d6 17. Nd7 Rf7 18. Nxb6 axb6 19. Ng5 Rd7 20. Re3 h6
21. Nf3 Bb7 22. a3 c5 23. Rae1 Rf8 24. Nh4 Kh7 25. Re7 Rf7 26. Rxd7 Rxd7 27. f4
g5 28. fxg5 hxg5 29. Nf5 Kg6 30. g4 Kf6 31. Kf2 d5 32. b4 d4 33. bxc5 bxc5 34.
Ng3 c4 35. Ne4+ Bxe4 36. Rxe4 c5 37. Re1 c3 38. Rf1 c4 39. Ke2+ Ke5 40. Rf5+
Ke4 41. Rxg5 d3+ 42. cxd3+ cxd3+ 43. Kd1 Rb7 0-1

[Event "NB II. Breyer csoport"]
[Site "Szekesfehervar"]
[Date "2023.12.10"]
[Round "3.5"]
[White "Grimm, Gyorgy"]
[Black "Fellegi, Zoltan"]
[Result "1/2-1/2"]
[WhiteElo "2149"]
[BlackElo "1964"]
[PlyCount "69"]
[EventDate "2023.10.08"]
[EventType "team-tourn"]
[EventRounds "9"]
[EventCountry "HUN"]
[Source "chess.hu"]
[WhiteTeam "Barcza - BEAC I."]
[BlackTeam "Fehervar SE"]
[WhiteTeamCountry "HUN"]
[BlackTeamCountry "HUN"]

1. e4 c5 2. Nf3 d6 3. d4 cxd4 4. Nxd4 Nf6 5. f3 e5 6. Nb3 Be6 7. Nc3 a6 8. Be3
Nbd7 9. Qd2 h5 10. Nd5 Nxd5 11. exd5 Bf5 12. c4 Rc8 13. Be2 Be7 14. O-O g5 15.
Rac1 b6 16. Bd3 Bxd3 17. Qxd3 Nf8 18. Rfd1 Ng6 19. c5 bxc5 20. Nxc5 dxc5 21. d6
O-O 22. dxe7 Qxe7 23. Qxa6 e4 24. Qd6 Qb7 25. fxe4 Qxb2 26. Qd2 Qxd2 27. Rxd2
Rfe8 28. Rxc5 Rxc5 29. Bxc5 Rxe4 30. Bd4 Nf4 31. Kf2 Ne6 32. Be3 Ra4 33. Rb2
Kh7 34. g3 Kg6 35. h3 1/2-1/2

[Event "NB II. Breyer csoport"]
[Site "Szekesfehervar"]
[Date "2023.12.10"]
[Round "3.6"]
[White "Nadi, Ferenc"]
[Black "Medve, Mark"]
[Result "1/2-1/2"]
[WhiteElo "2040"]
[BlackElo "2077"]
[PlyCount "103"]
[EventDate "2023.10.08"]
[EventType "team-tourn"]
[EventRounds "9"]
[EventCountry "HUN"]
[Source "chess.hu"]
[WhiteTeam "Fehervar SE"]
[BlackTeam "Barcza - BEAC I."]
[WhiteTeamCountry "HUN"]
[BlackTeamCountry "HUN"]

1. d4 Nf6 2. Nf3 e6 3. g3 d5 4. Bg2 c5 5. O-O Nc6 6. c4 dxc4 7. Qa4 Bd7 8. dxc5
Bxc5 9. Qxc4 Qb6 10. Nc3 Na5 11. Qd3 Bc6 12. Ne5 Rd8 13. Qc2 Bxg2 14. Kxg2 Bd4
15. Qa4+ Nc6 16. Nxc6 bxc6 17. Qc4 O-O 18. e3 Bxc3 19. Qxc3 Nd5 20. Qc4 Qb5 21.
Qxb5 cxb5 22. b3 Rc8 23. Bb2 Rc2 24. Bd4 a6 25. Rfc1 Rfc8 26. Rxc2 Rxc2 27. a3
f6 28. e4 Ne7 29. b4 Nc6 30. Bc5 Ne5 31. a4 Nd3 32. axb5 axb5 33. Ra7 Nxc5 34.
bxc5 Rxc5 35. Rb7 h5 36. h4 Kh7 37. Rb6 e5 38. Rb7 Kg6 39. Rb6 Kf7 40. Rb7+ Ke6
41. Rxg7 Kd6 42. Rf7 Rc2 43. Rxf6+ Kc5 44. g4 hxg4 45. h5 Kd4 46. Rb6 Kxe4 47.
Rxb5 Kf4 48. Rb8 Kg5 49. h6 Kxh6 50. Kg3 Kg5 51. Rg8+ Kf5 52. Rf8+ 1/2-1/2

[Event "NB II. Breyer csoport"]
[Site "Szekesfehervar"]
[Date "2023.12.10"]
[Round "3.7"]
[White "Palczert, Botond"]
[Black "Grull, Denes"]
[Result "1/2-1/2"]
[WhiteElo "1962"]
[BlackElo "1858"]
[PlyCount "45"]
[EventDate "2023.10.08"]
[EventType "team-tourn"]
[EventRounds "9"]
[EventCountry "HUN"]
[Source "chess.hu"]
[WhiteTeam "Barcza - BEAC I."]
[BlackTeam "Fehervar SE"]
[WhiteTeamCountry "HUN"]
[BlackTeamCountry "HUN"]

1. d4 Nf6 2. c4 g6 3. f3 d6 4. e4 Nbd7 5. Nc3 Bg7 6. Bg5 e5 7. d5 a5 8. Bd3 Nc5
9. Bc2 Bd7 10. Nge2 Na6 11. a3 Qc8 12. Qd2 Nc5 13. Bh6 Bxh6 14. Qxh6 Qd8 15.
O-O Qe7 16. b4 Na6 17. Bd3 Ng8 18. Qe3 Nf6 19. Rab1 axb4 20. axb4 O-O 21. Rfc1
c5 22. dxc6 bxc6 23. b5 1/2-1/2

[Event "NB II. Breyer csoport"]
[Site "Szekesfehervar"]
[Date "2023.12.10"]
[Round "3.8"]
[White "Fehervari, Istvan"]
[Black "Szekacs, Mark"]
[Result "0-1"]
[WhiteElo "1923"]
[BlackElo "2025"]
[PlyCount "115"]
[EventDate "2023.10.08"]
[EventType "team-tourn"]
[EventRounds "9"]
[EventCountry "HUN"]
[Source "chess.hu"]
[WhiteTeam "Fehervar SE"]
[BlackTeam "Barcza - BEAC I."]
[WhiteTeamCountry "HUN"]
[BlackTeamCountry "HUN"]

1. d4 Nf6 2. c4 g6 3. Nc3 d5 4. Nf3 Bg7 5. Qb3 dxc4 6. Qxc4 a6 7. e4 b5 8. Qd3
c5 9. dxc5 Qxd3 10. Bxd3 Nbd7 11. c6 Nc5 12. Bc2 b4 13. Nd5 Nxd5 14. exd5 Bf5
15. Bxf5 gxf5 16. Ke2 Na4 17. Rb1 O-O-O 18. Rd1 Nb6 19. d6 Rxd6 20. Rxd6 exd6
21. Nh4 Re8+ 22. Kf1 Re5 23. b3 Rc5 24. Be3 Rxc6 25. Nxf5 Bf6 26. Nh6 Nd5 27.
Nxf7 Nxe3+ 28. fxe3 Kd7 29. Re1 h5 30. Nh6 Ke6 31. g4 Rc5 32. h3 hxg4 33. Nxg4
Bc3 34. Re2 Kf5 35. Nf2 Rc8 36. Kg2 Rf8 37. Nd1 Ke4 38. Nf2+ Ke5 39. Rc2 d5 40.
Nd1 d4 41. exd4+ Kxd4 42. Nf2 Ke3 43. Kf1 Bd2 44. Rxd2 Kxd2 45. Kg2 Kc2 46. h4
Kb2 47. Nd3+ Ka3 48. Kg3 Rd8 49. Nc5 a5 50. Nb7 Rd5 51. Kg4 Kxa2 52. h5 Rb5 53.
Nd6 Rb6 54. Nc4 Ra6 55. Kg5 Kxb3 56. Ne5 a4 57. Nd3 Ra5+ 58. Kg6 0-1

[Event "NB II. Breyer csoport"]
[Site "Szekesfehervar"]
[Date "2023.12.10"]
[Round "3.9"]
[White "Martin, Bela Jr"]
[Black "Somos, Mate"]
[Result "0-1"]
[WhiteElo "2041"]
[BlackElo "1727"]
[PlyCount "74"]
[EventDate "2023.10.08"]
[EventType "team-tourn"]
[EventRounds "9"]
[EventCountry "HUN"]
[Source "chess.hu"]
[WhiteTeam "Barcza - BEAC I."]
[BlackTeam "Fehervar SE"]
[WhiteTeamCountry "HUN"]
[BlackTeamCountry "HUN"]

1. e4 e5 2. Nf3 Nc6 3. Bc4 Nf6 4. d3 h6 5. O-O d6 6. a4 g5 7. c3 Bg7 8. Nbd2
O-O 9. Bb3 Ne7 10. Nc4 Ng6 11. Re1 c6 12. Ne3 Be6 13. h3 Qd7 14. Bxe6 fxe6 15.
b4 Nf4 16. Kh2 N6h5 17. Nf1 Qf7 18. Ng3 Qg6 19. Nxh5 Qxh5 20. Bxf4 Rxf4 21. Ra2
Raf8 22. Kg1 Rxf3 23. gxf3 Rxf3 24. Qe2 g4 25. Qf1 Rxh3 26. Qg2 Rxd3 27. Rc2
Bf6 28. Qh2 Rh3 29. Qg2 Bh4 30. Kf1 Rf3 31. Re3 Rf4 32. Rce2 Kf8 33. Ke1 Rf3
34. Qg1 Qf7 35. Rxf3 Qxf3 36. Kd1 Qxc3 37. Qxg4 Bg5 0-1

[Event "NB II. Breyer csoport"]
[Site "Szekesfehervar"]
[Date "2023.12.10"]
[Round "3.10"]
[White "Kerekes, Laszlo Fulop"]
[Black "Kelemen, Szabolcs"]
[Result "1-0"]
[WhiteElo "1606"]
[BlackElo "1973"]
[PlyCount "63"]
[EventDate "2023.10.08"]
[EventType "team-tourn"]
[EventRounds "9"]
[EventCountry "HUN"]
[Source "chess.hu"]
[WhiteTeam "Fehervar SE"]
[BlackTeam "Barcza - BEAC I."]
[WhiteTeamCountry "HUN"]
[BlackTeamCountry "HUN"]

1. c4 e5 2. Nc3 Nc6 3. g3 Bc5 4. Bg2 f5 5. e3 Nf6 6. Nge2 d6 7. O-O O-O 8. d4
Bb6 9. Re1 Qe8 10. Na4 Ba5 11. Bd2 Bxd2 12. Qxd2 Nxd4 13. exd4 Qxa4 14. dxe5
dxe5 15. Bd5+ Kh8 16. Nc3 Qe8 17. Re2 e4 18. c5 c6 19. Bc4 Qh5 20. Qd6 Bd7 21.
Rae1 Ng4 22. h4 Rad8 23. Qf4 Be8 24. Rxe4 g5 25. Qf3 gxh4 26. Re7 hxg3 27. Qxg3
f4 28. Qg2 f3 29. Qg3 Rf6 30. Bf1 Bd7 31. R1e5 Nxe5 32. Qg7# 1-0

[Event "NB II. Breyer csoport"]
[Site "Szekesfehervar"]
[Date "2023.12.10"]
[Round "3.11"]
[White "Bod, Marton"]
[Black "Fekete, Csaba"]
[Result "1-0"]
[WhiteElo "1901"]
[BlackElo "1465"]
[PlyCount "101"]
[EventDate "2023.10.08"]
[EventType "team-tourn"]
[EventRounds "9"]
[EventCountry "HUN"]
[Source "chess.hu"]
[WhiteTeam "Barcza - BEAC I."]
[BlackTeam "Fehervar SE"]
[WhiteTeamCountry "HUN"]
[BlackTeamCountry "HUN"]

1. e4 e5 2. Nf3 Nc6 3. Bb5 a6 4. Ba4 Nf6 5. d3 b5 6. Bb3 Be7 7. a4 Bb7 8. Nc3
b4 9. Ne2 a5 10. O-O d6 11. Ng3 O-O 12. Nf5 Bc8 13. Nxe7+ Qxe7 14. Bg5 h6 15.
Bh4 Be6 16. c3 Bxb3 17. Qxb3 Qe6 18. Qc2 Rac8 19. Rfe1 Nd7 20. d4 Qg6 21. d5
Ncb8 22. cxb4 axb4 23. a5 Na6 24. Bg3 Ndc5 25. Nh4 Qf6 26. b3 g6 27. Nf3 Qe7
28. Re3 Qd7 29. Nd2 Kh7 30. f4 f6 31. Nc4 g5 32. fxg5 fxg5 33. Qe2 Rf6 34. Rf1
Rcf8 35. Ref3 Qe7 36. Nd2 Kg7 37. Qc4 Rxf3 38. Nxf3 Rb8 39. h4 g4 40. Nh2 h5
41. Rf5 Rh8 42. Nf1 Qe8 43. Rg5+ Kf6 44. Ne3 Ke7 45. Bxe5 Rf8 46. Bg3 Kd8 47.
e5 Kc8 48. e6 Rg8 49. Rxg8 Qxg8 50. Nf5 Qh7 51. e7 1-0

[Event "NB II. Breyer csoport"]
[Site "Szekesfehervar"]
[Date "2023.12.10"]
[Round "3.12"]
[White "Barna, Tamas"]
[Black "Horvath, David Richard"]
[Result "0-1"]
[WhiteElo "1421"]
[BlackElo "1441"]
[PlyCount "122"]
[EventDate "2023.10.08"]
[EventType "team-tourn"]
[EventRounds "9"]
[EventCountry "HUN"]
[Source "chess.hu"]
[WhiteTeam "Fehervar SE"]
[BlackTeam "Barcza - BEAC I."]
[WhiteTeamCountry "HUN"]
[BlackTeamCountry "HUN"]

1. d4 d5 2. Bf4 c5 3. e3 Nf6 4. Nf3 Bg4 5. Nbd2 Nc6 6. c3 e6 7. h3 Bh5 8. Be2
c4 9. b3 b5 10. bxc4 bxc4 11. Qa4 Qd7 12. Rb1 Bg6 13. Rb2 Bd6 14. Bxd6 Qxd6 15.
Ne5 Rc8 16. Nxc6 Rxc6 17. O-O O-O 18. Qxa7 Ra6 19. Qb7 Raa8 20. Rb6 Qa3 21. Nb1
Qxa2 22. Rb2 Qa5 23. Rb5 Qa6 24. Rc1 Qxb7 25. Rxb7 Rfb8 26. Rxb8+ Rxb8 27. Nd2
Rb2 28. Rd1 Rc2 29. Kf1 Rxc3 30. f3 Rxe3 31. Kf2 Ra3 32. Nb1 Rb3 33. Nd2 Rb2
34. Nf1 Bd3 35. Rd2 Rxd2 36. Nxd2 Bxe2 37. Kxe2 Kf8 38. g4 Ke7 39. Nb1 Ne8 40.
Nc3 Nc7 41. Ke3 Kd6 42. f4 f6 43. h4 e5 44. f5 Kc6 45. dxe5 fxe5 46. Ne2 Kd6
47. g5 Ne8 48. h5 h6 49. f6 Nxf6 50. gxf6 gxf6 51. Ng3 Ke6 52. Ke2 f5 53. Nf1
f4 54. Kf3 Kf5 55. Nh2 e4+ 56. Ke2 d4 57. Kd2 f3 58. Ke1 Kf4 59. Nf1 e3 60. Nh2
d3 61. Nf1 f2+ 0-1

[Event "NB II. Breyer csoport"]
[Site "Zsambek"]
[Date "2023.12.10"]
[Round "3.1"]
[White "Botos, Ferenc"]
[Black "Gal, Tamas"]
[Result "0-1"]
[WhiteElo "2176"]
[BlackElo "2246"]
[PlyCount "80"]
[EventDate "2023.10.08"]
[EventType "team-tourn"]
[EventRounds "9"]
[EventCountry "HUN"]
[Source "chess.hu"]
[WhiteTeam "Varosgazda Akademia"]
[BlackTeam "Zsambeki SBE"]
[WhiteTeamCountry "HUN"]
[BlackTeamCountry "HUN"]

1. d4 d5 2. Nf3 c6 3. g3 Bf5 4. Bg2 e6 5. O-O Nf6 6. b3 Nbd7 7. c4 Be7 8. Ba3
Bxa3 9. Nxa3 O-O 10. Nh4 Bg4 11. Nc2 Qe7 12. Ne3 Bh5 13. f4 Bg6 14. Nxg6 hxg6
15. Qc2 Ne8 16. h4 Nd6 17. Bf3 Rac8 18. c5 Nf5 19. Nxf5 exf5 20. Kg2 Rfe8 21.
h5 gxh5 22. Qxf5 g6 23. Qh3 f5 24. Qh4 Nf6 25. Qg5 Kg7 26. Rad1 Qf7 27. Kf2 Qe7
28. Kg2 Qf7 29. Kf2 Re6 30. e3 Rce8 31. Rd3 Qe7 32. Re1 Qd8 33. Rh1 Qa5 34. a4
Rxe3 35. Qxf6+ Kxf6 36. Rxe3 Qd2+ 37. Re2 Qxd4+ 38. Kg2 Rxe2+ 39. Bxe2 Qe4+ 40.
Bf3 Qc2+ 0-1

[Event "NB II. Breyer csoport"]
[Site "Zsambek"]
[Date "2023.12.10"]
[Round "3.2"]
[White "Nemeth, Miklos"]
[Black "Horvath, Gabor"]
[Result "0-1"]
[WhiteElo "2059"]
[BlackElo "2160"]
[PlyCount "66"]
[EventDate "2023.10.08"]
[EventType "team-tourn"]
[EventRounds "9"]
[EventCountry "HUN"]
[Source "chess.hu"]
[WhiteTeam "Zsambeki SBE"]
[BlackTeam "Varosgazda Akademia"]
[WhiteTeamCountry "HUN"]
[BlackTeamCountry "HUN"]

1. e4 c5 2. Nf3 Nc6 3. d4 cxd4 4. Nxd4 e5 5. Nb5 d6 6. N1c3 a6 7. Na3 Be7 8.
Nd5 Nf6 9. Be3 O-O 10. Bb6 Qd7 11. f3 Nxd5 12. Qxd5 Nb4 13. Qd2 d5 14. c3 Qc6
15. Ba5 dxe4 16. Bxb4 Rd8 17. Qe3 Bh4+ 18. g3 exf3 19. Bd3 f2+ 20. Kxf2 Bg5 21.
Qe4 Qb6+ 22. Kg2 Rxd3 23. Qxd3 Qc6+ 24. Kf2 Bh3 25. Rhg1 Rd8 26. Qc4 Qf6+ 27.
Ke1 Bd2+ 28. Ke2 Qg5 29. Qe4 Bg4+ 30. Kf1 Be3 31. Nc4 Qf6+ 32. Kg2 Qf2+ 33. Kh1
Bf3+ 0-1

[Event "NB II. Breyer csoport"]
[Site "Zsambek"]
[Date "2023.12.10"]
[Round "3.3"]
[White "Gombocz, Zsolt"]
[Black "Rummel, Zsolt"]
[Result "0-1"]
[WhiteElo "1995"]
[BlackElo "2082"]
[PlyCount "76"]
[EventDate "2023.10.08"]
[EventType "team-tourn"]
[EventRounds "9"]
[EventCountry "HUN"]
[Source "chess.hu"]
[WhiteTeam "Varosgazda Akademia"]
[BlackTeam "Zsambeki SBE"]
[WhiteTeamCountry "HUN"]
[BlackTeamCountry "HUN"]

1. d4 d5 2. Nf3 Nf6 3. Bf4 c5 4. e3 Nc6 5. c3 e6 6. Bb5 Bd7 7. O-O Qb6 8. Qb3
c4 9. Qa4 Ne4 10. Bxc6 Bxc6 11. Qc2 Be7 12. Nbd2 Nxd2 13. Qxd2 O-O 14. Qc2 f6
15. Nd2 a5 16. Rab1 Qd8 17. Bg3 Qd7 18. Rfe1 Rfc8 19. Nf3 b5 20. a3 b4 21. axb4
axb4 22. Ra1 Qb7 23. Reb1 b3 24. Qd1 Ra2 25. Qc1 Rca8 26. Nd2 Be8 27. e4 Qa6
28. Rxa2 Qxa2 29. f3 Bg6 30. Kf2 f5 31. Bf4 fxe4 32. fxe4 Qa7 33. Ke3 Qb7 34.
g3 Ra2 35. Qf1 Qa6 36. h4 h6 37. Qd1 Qa5 38. Qf1 Rxb2 0-1

[Event "NB II. Breyer csoport"]
[Site "Zsambek"]
[Date "2023.12.10"]
[Round "3.4"]
[White "Emmer, Adam"]
[Black "Halasz, Csaba"]
[Result "1/2-1/2"]
[WhiteElo "1928"]
[BlackElo "1968"]
[PlyCount "39"]
[EventDate "2023.10.08"]
[EventType "team-tourn"]
[EventRounds "9"]
[EventCountry "HUN"]
[Source "chess.hu"]
[WhiteTeam "Zsambeki SBE"]
[BlackTeam "Varosgazda Akademia"]
[WhiteTeamCountry "HUN"]
[BlackTeamCountry "HUN"]

1. d4 Nf6 2. Nf3 g6 3. e3 Bg7 4. Nbd2 O-O 5. b3 c5 6. Bb2 b6 7. Bd3 d5 8. O-O
Bb7 9. Ne5 Nc6 10. Ndf3 Nd7 11. Nxc6 Bxc6 12. Qe2 Qc7 13. Rab1 e5 14. Nxe5 Nxe5
15. dxe5 Bxe5 16. Bxe5 Qxe5 17. Bb5 Bb7 18. Ba6 Bc6 19. Bb5 Bb7 20. Ba6 1/2-1/2

[Event "NB II. Breyer csoport"]
[Site "Zsambek"]
[Date "2023.12.10"]
[Round "3.5"]
[White "Rozsnyai, Tibor"]
[Black "Tessedik, Karoly"]
[Result "1/2-1/2"]
[WhiteElo "1980"]
[BlackElo "1782"]
[PlyCount "38"]
[EventDate "2023.10.08"]
[EventType "team-tourn"]
[EventRounds "9"]
[EventCountry "HUN"]
[Source "chess.hu"]
[WhiteTeam "Varosgazda Akademia"]
[BlackTeam "Zsambeki SBE"]
[WhiteTeamCountry "HUN"]
[BlackTeamCountry "HUN"]

1. c4 g6 2. g3 Bg7 3. Bg2 e5 4. Nc3 d6 5. d3 c6 6. e4 Be6 7. Nge2 Qd7 8. h4 h5
9. Rb1 a5 10. b3 Na6 11. Be3 Bh6 12. Qd2 Nb4 13. Bxh6 Nxh6 14. Na4 Qc7 15. O-O
c5 16. Nac3 Nc6 17. Nb5 Qd8 18. Qg5 Kf8 19. Qxd8+ Rxd8 1/2-1/2

[Event "NB II. Breyer csoport"]
[Site "Zsambek"]
[Date "2023.12.10"]
[Round "3.6"]
[White "Metzger, Istvan"]
[Black "Frank, Balint"]
[Result "0-1"]
[WhiteElo "1753"]
[BlackElo "1748"]
[PlyCount "64"]
[EventDate "2023.10.08"]
[EventType "team-tourn"]
[EventRounds "9"]
[EventCountry "HUN"]
[Source "chess.hu"]
[WhiteTeam "Zsambeki SBE"]
[BlackTeam "Varosgazda Akademia"]
[WhiteTeamCountry "HUN"]
[BlackTeamCountry "HUN"]

1. e4 c6 2. d4 d5 3. Nc3 dxe4 4. Nxe4 Bf5 5. Ng3 Bg6 6. Nf3 Nd7 7. c3 e6 8. Bd3
Bxd3 9. Qxd3 Ngf6 10. O-O Qc7 11. Ne4 Nxe4 12. Qxe4 Nf6 13. Qc2 Bd6 14. h3
O-O-O 15. c4 h6 16. Rd1 g5 17. c5 Be7 18. Ne5 Rhf8 19. Be3 Nd5 20. a3 f5 21.
Ng6 Rg8 22. Nxe7+ Qxe7 23. g3 f4 24. Bd2 g4 25. h4 fxg3 26. fxg3 Rdf8 27. Rf1
Rf3 28. Kg2 Qc7 29. Rxf3 gxf3+ 30. Kxf3 Qxg3+ 31. Ke2 Qh2+ 32. Kd3 Rg3+ 0-1

[Event "NB II. Breyer csoport"]
[Site "Zsambek"]
[Date "2023.12.10"]
[Round "3.7"]
[White "Sandor, Jozsef"]
[Black "Horvath, Csaba"]
[Result "0-1"]
[WhiteElo "1787"]
[BlackElo "1669"]
[PlyCount "67"]
[EventDate "2023.10.08"]
[EventType "team-tourn"]
[EventRounds "9"]
[EventCountry "HUN"]
[Source "chess.hu"]
[WhiteTeam "Varosgazda Akademia"]
[BlackTeam "Zsambeki SBE"]
[WhiteTeamCountry "HUN"]
[BlackTeamCountry "HUN"]

1. Nf3 Nf6 2. d4 g6 3. Nc3 d5 4. Bf4 c6 5. e3 Bg7 6. Be2 O-O 7. Ne5 Qb6 8. Rb1
Nbd7 9. h4 Nxe5 10. Bxe5 Nd7 11. Bxg7 Kxg7 12. h5 e5 13. Bg4 f5 14. hxg6 hxg6
15. Be2 exd4 16. exd4 Nf6 17. Qd2 Bd7 18. Na4 Qc7 19. Qh6+ Kf7 20. Nc5 Rg8 21.
Nd3 Rae8 22. Ne5+ Rxe5 23. dxe5 Qxe5 24. Qe3 Qxe3 25. fxe3 Re8 26. Kd2 Ne4+ 27.
Ke1 Kg7 28. Bf3 Ng3 29. Rh3 f4 30. Rh2 Rxe3+ 31. Kf2 Bf5 32. Re1 Rxe1 33. Kxe1
Bxc2 34. Kd2 0-1

[Event "NB II. Breyer csoport"]
[Site "Zsambek"]
[Date "2023.12.10"]
[Round "3.8"]
[White "Jencsik, Attila"]
[Black "Berla, Zoltan Mate"]
[Result "1/2-1/2"]
[WhiteElo "1734"]
[BlackElo "1557"]
[PlyCount "49"]
[EventDate "2023.10.08"]
[EventType "team-tourn"]
[EventRounds "9"]
[EventCountry "HUN"]
[Source "chess.hu"]
[WhiteTeam "Zsambeki SBE"]
[BlackTeam "Varosgazda Akademia"]
[WhiteTeamCountry "HUN"]
[BlackTeamCountry "HUN"]

1. e4 c5 2. Nf3 Nc6 3. d4 cxd4 4. Nxd4 Nf6 5. Nc3 e5 6. Ndb5 d6 7. Bg5 a6 8.
Na3 b5 9. Nd5 Be7 10. Bxf6 Bxf6 11. c3 Bg5 12. Nc2 O-O 13. Bd3 Ne7 14. Nce3
Bxe3 15. Nxe3 Be6 16. O-O Qb6 17. Nd5 Bxd5 18. exd5 f5 19. Bc2 a5 20. a3 a4 21.
Qd2 Qc5 22. Rad1 Nc8 23. Bb1 Kh8 24. h3 Rf6 25. Kh1 1/2-1/2

[Event "NB II. Breyer csoport"]
[Site "Zsambek"]
[Date "2023.12.10"]
[Round "3.9"]
[White "Papp, Bence"]
[Black "Szendeff, Miklos"]
[Result "1/2-1/2"]
[WhiteElo "1526"]
[BlackElo "1649"]
[PlyCount "91"]
[EventDate "2023.10.08"]
[EventType "team-tourn"]
[EventRounds "9"]
[EventCountry "HUN"]
[Source "chess.hu"]
[WhiteTeam "Varosgazda Akademia"]
[BlackTeam "Zsambeki SBE"]
[WhiteTeamCountry "HUN"]
[BlackTeamCountry "HUN"]

1. c4 g6 2. Nc3 Bg7 3. Nf3 d6 4. d4 Nf6 5. e4 Bg4 6. Be2 Nfd7 7. h3 Bxf3 8.
Bxf3 Nc6 9. Be3 e5 10. d5 Nd4 11. Nb5 Nxf3+ 12. Qxf3 a6 13. Nc3 O-O 14. O-O f5
15. exf5 gxf5 16. Rac1 Qh4 17. b3 Rae8 18. Qg3 Qh5 19. f4 Kh8 20. Qg5 Qxg5 21.
fxg5 f4 22. Bd2 Rf5 23. h4 Ref8 24. b4 h6 25. Ne4 Kh7 26. Rf3 Kg6 27. c5 dxc5
28. bxc5 Rb8 29. c6 Nb6 30. d6 cxd6 31. c7 Ra8 32. Nxd6 Rff8 33. Ba5 Nc8 34.
Nxb7 e4 35. Rb3 Bd4+ 36. Kf1 hxg5 37. Rc6+ Kf5 38. Nd6+ Ke5 39. Nxc8 Raxc8 40.
hxg5 Kd5 41. Rxa6 f3 42. gxf3 exf3 43. Rb5+ Kc4 44. Rb4+ Kd5 45. Rb5+ Kc4 46.
Rb4+ 1/2-1/2

[Event "NB II. Breyer csoport"]
[Site "Zsambek"]
[Date "2023.12.10"]
[Round "3.10"]
[White "Pregitzer, Gyorgy"]
[Black "Li, Changxing"]
[Result "1/2-1/2"]
[WhiteElo "1592"]
[BlackElo "1501"]
[PlyCount "89"]
[EventDate "2023.10.08"]
[EventType "team-tourn"]
[EventRounds "9"]
[EventCountry "HUN"]
[Source "chess.hu"]
[WhiteTeam "Zsambeki SBE"]
[BlackTeam "Varosgazda Akademia"]
[WhiteTeamCountry "HUN"]
[BlackTeamCountry "HUN"]

1. f4 d5 2. g3 Nf6 3. Bg2 e6 4. Nf3 Bd6 5. O-O O-O 6. Nc3 c6 7. a3 Nbd7 8. b4
Re8 9. Bb2 e5 10. fxe5 Nxe5 11. Nxe5 Bxe5 12. d4 Bc7 13. Na4 Ng4 14. Bc1 b6 15.
Rb1 Ba6 16. Nc3 Bc4 17. Bf3 Nxh2 18. Kxh2 Qh4+ 19. Kg1 Qxg3+ 20. Bg2 Qxc3 21.
Bf3 Bb5 22. Rb3 Qc4 23. Rf2 Ba4 24. Rb2 Re6 25. Qd2 Rg6+ 26. Rg2 Rxg2+ 27. Kxg2
Qa6 28. e4 dxe4 29. Bxe4 Qc8 30. Qg5 Bd8 31. Qg3 Bf6 32. c3 g6 33. Rf2 Bg7 34.
Bg5 f5 35. Bd3 Bb5 36. Bc2 Bc4 37. Bf4 Qe6 38. Bd2 Re8 39. Kg1 Qe7 40. Rh2 Rd8
41. Bg5 Bf6 42. Bxf6 Qxf6 43. Qc7 Re8 44. Qxh7+ Kf8 45. Qh6+ 1/2-1/2

[Event "NB II. Breyer csoport"]
[Site "Zsambek"]
[Date "2023.12.10"]
[Round "3.11"]
[White "Ma, Guangxianzhao"]
[Black "Pomozi, Mate"]
[Result "1/2-1/2"]
[WhiteElo "1240"]
[BlackElo "1298"]
[PlyCount "33"]
[EventDate "2023.10.08"]
[EventType "team-tourn"]
[EventRounds "9"]
[EventCountry "HUN"]
[Source "chess.hu"]
[WhiteTeam "Varosgazda Akademia"]
[BlackTeam "Zsambeki SBE"]
[WhiteTeamCountry "HUN"]
[BlackTeamCountry "HUN"]

1. e4 e5 2. Nf3 Nc6 3. d4 exd4 4. Bc4 d6 5. Ng5 Ne5 6. Bb3 Be7 7. f4 h6 8. fxe5
Bxg5 9. O-O Be6 10. Bxe6 fxe6 11. Qh5+ Kd7 12. Bxg5 Qxg5 13. Rf7+ Ne7 14. Qxg5
hxg5 15. exd6 Kxd6 16. e5+ Kd7 17. Rxg7 1/2-1/2

[Event "NB II. Breyer csoport"]
[Site "Naszaly"]
[Date "2023.12.10"]
[Round "3.1"]
[White "Szabo, Marton Mihaly"]
[Black "Giang, Tran Nam"]
[Result "1/2-1/2"]
[WhiteElo "2278"]
[BlackElo "2131"]
[PlyCount "68"]
[EventDate "2023.10.08"]
[EventType "team-tourn"]
[EventRounds "9"]
[EventCountry "HUN"]
[Source "chess.hu"]
[WhiteTeam "Esztergomi SC"]
[BlackTeam "Geniusz Tata-Naszaly"]
[WhiteTeamCountry "HUN"]
[BlackTeamCountry "HUN"]

1. e4 c5 2. Nf3 e6 3. b3 b6 4. Bb2 Bb7 5. Qe2 d6 6. d3 Nf6 7. Nbd2 Nbd7 8. g3
Be7 9. Bg2 O-O 10. O-O Qc7 11. Ne1 b5 12. c4 bxc4 13. dxc4 e5 14. Nc2 Nb8 15.
Ne3 Nc6 16. f4 Nd4 17. Qd3 Rfe8 18. fxe5 dxe5 19. Nd5 Qd6 20. h3 a5 21. a4 Rab8
22. Bc3 Bxd5 23. cxd5 Nxb3 24. Nc4 Qa6 25. Rab1 Bd6 26. Rfd1 Nd4 27. Rxb8 Rxb8
28. Bxd4 cxd4 29. Nxe5 Qxd3 30. Nxd3 Bxg3 31. e5 Nd7 32. e6 fxe6 33. dxe6 Nf6
34. Nc5 Bd6 1/2-1/2

[Event "NB II. Breyer csoport"]
[Site "Naszaly"]
[Date "2023.12.10"]
[Round "3.2"]
[White "Akots, Gabor"]
[Black "Szabo, Abel"]
[Result "1/2-1/2"]
[WhiteElo "2211"]
[BlackElo "2239"]
[PlyCount "49"]
[EventDate "2023.10.08"]
[EventType "team-tourn"]
[EventRounds "9"]
[EventCountry "HUN"]
[Source "chess.hu"]
[WhiteTeam "Geniusz Tata-Naszaly"]
[BlackTeam "Esztergomi SC"]
[WhiteTeamCountry "HUN"]
[BlackTeamCountry "HUN"]

1. e4 c5 2. c3 Nf6 3. e5 Nd5 4. d4 cxd4 5. Nf3 d6 6. cxd4 Nc6 7. Bc4 dxe5 8.
dxe5 Ndb4 9. O-O Qxd1 10. Rxd1 Nc2 11. Na3 Nxa3 12. bxa3 e6 13. Bb2 a6 14. Rac1
Be7 15. Nd2 O-O 16. Ne4 Rd8 17. Rxd8+ Nxd8 18. Be2 Bd7 19. Rc7 Bc6 20. Rxe7 Kf8
21. Rc7 Bxe4 22. a4 Nc6 23. Ba3+ Kg8 24. Bd6 Nd4 25. Bd1 1/2-1/2